[Event "Dortmund Sparkassen op-B"]
[Site "Dortmund"]
[Date "2010.07.25"]
[Round "9"]
[White "Knack, Willi"]
[Black "Truemper, Michael"]
[Result "1/2-1/2"]
[WhiteElo "1728"]
[BlackElo "1411"]
[PlyCount "27"]
[EventDate "2010.07.17"]
[EventType "swiss"]
[EventRounds "9"]
[EventCountry "GER"]
[SourceTitle "EXT 2014"]
[Source "ChessBase"]
[SourceDate "2013.11.20"]
[SourceVersion "1"]
[SourceVersionDate "2013.11.20"]
[SourceQuality "1"]

1. e4 d5 2. Nc3 dxe4 3. Nxe4 Qd5 4. Qe2 c6 5. c4 Qa5 6. Nf3 Bg4 7. h3 Bh5 8. g4 Bg6 9. Nc3 Nf6 10. Nd4 e6 11. Nf3 Qc7 12. d4 Bb4 13. Bg2 0-0 14. 0-0 1/2-1/2

[Event "Dortmund Sparkassen op-B"]
[Site "Dortmund"]
[Date "2010.07.20"]
[Round "4"]
[White "Hobusch, Jan"]
[Black "Knack, Willi"]
[Result "1-0"]
[WhiteElo "1892"]
[BlackElo "1728"]
[PlyCount "51"]
[EventDate "2010.07.17"]
[EventType "swiss"]
[EventRounds "9"]
[EventCountry "GER"]
[SourceTitle "EXT 2014"]
[Source "ChessBase"]
[SourceDate "2013.11.20"]
[SourceVersion "1"]
[SourceVersionDate "2013.11.20"]
[SourceQuality "1"]

1. e4 d6 2. d4 Nf6 3. Nc3 g6 4. Bg5 Bg7 5. e5 Ng8 6. Nf3 d5 7. Bd3 h6 8. Be3 g5 9. 0-0 Bg4 10. h3 Be6 11. Nh2 c6 12. Qh5 Nd7 13. f4 gxf4 14. Rxf4 Qb6 15. Rb1 0-0-0 16. b4 Qc7 17. Rff1 Nxe5 18. Bf4 f6 19. Kh1 Bf7 20. Qe2 e6 21. Rbe1 Qe7 22. dxe5 Qxb4 23. exf6 Nxf6 24. Be5 Bh5 25. g4 Be8 26. Rxf6 1-0

[Event "Dortmund Sparkassen op-B"]
[Site "Dortmund"]
[Date "2010.07.18"]
[Round "2"]
[White "Eckert, Jasmin"]
[Black "Knack, Willi"]
[Result "0-1"]
[WhiteElo "1340"]
[BlackElo "1728"]
[PlyCount "34"]
[EventDate "2010.07.17"]
[EventType "swiss"]
[EventRounds "9"]
[EventCountry "GER"]
[SourceTitle "EXT 2014"]
[Source "ChessBase"]
[SourceDate "2013.11.20"]
[SourceVersion "1"]
[SourceVersionDate "2013.11.20"]
[SourceQuality "1"]

1. e4 d6 2. d4 Nf6 3. Nc3 g6 4. Bf4 Bg7 5. Bc4 0-0 6. Nge2 c6 7. a3 Qc7 8. Ba2 e5 9. Be3 Nbd7 10. Qd2 Ng4 11. f3 Nxe3 12. Qxe3 Qb6 13. Na4 Qa5+ 14. Nac3 exd4 15. Nxd4 Qb6 16. 0-0-0 Nc5 17. Nde2 Nb3+ 0-1

[Event "Dortmund Sparkassen op-B"]
[Site "Dortmund"]
[Date "2010.07.17"]
[Round "1"]
[White "Knack, Willi"]
[Black "Schaller, Fabian"]
[Result "1/2-1/2"]
[WhiteElo "1728"]
[BlackElo "1910"]
[PlyCount "47"]
[EventDate "2010.07.17"]
[EventType "swiss"]
[EventRounds "9"]
[EventCountry "GER"]
[SourceTitle "EXT 2014"]
[Source "ChessBase"]
[SourceDate "2013.11.20"]
[SourceVersion "1"]
[SourceVersionDate "2013.11.20"]
[SourceQuality "1"]

1. e4 e6 2. d4 d5 3. Nd2 Nf6 4. e5 Nfd7 5. Bd3 c5 6. c3 Nc6 7. Ne2 Qb6 8. Nf3 cxd4 9. cxd4 f6 10. Nf4 fxe5 11. dxe5 Bb4+ 12. Kf1 Ndxe5 13. Nxe5 Nxe5 14. Qh5+ Nf7 15. Bxh7 Qd4 16. g3 Qe5 17. Qxe5 Nxe5 18. Bg6+ Kd7 19. Be3 b6 20. Rd1 Bb7 21. Bd4 Nxg6 22. Nxg6 Rhg8 23. Kg2 Bc5 24. Rhe1 1/2-1/2

[Event "Dortmund op-B"]
[Site "Dortmund"]
[Date "2009.07.11"]
[Round "8"]
[White "Weiss, Malte"]
[Black "Knack, Willi"]
[Result "1-0"]
[WhiteElo "1779"]
[BlackElo "1600"]
[PlyCount "49"]
[EventDate "2009.07.04"]
[EventType "swiss"]
[EventRounds "9"]
[EventCountry "GER"]
[SourceTitle "EXT 2012"]
[Source "ChessBase"]
[SourceDate "2011.11.24"]
[SourceVersion "1"]
[SourceVersionDate "2011.11.24"]
[SourceQuality "1"]

1. e4 e6 2. d4 d5 3. exd5 exd5 4. Nc3 Bf5 5. Bd3 Qd7 6. Nf3 Nc6 7. 0-0 0-0-0 8. Bf4 Kb8 9. Re1 f6 10. Nb5 Rc8 11. Nxc7 Bxd3 12. Ne6+ Bd6 13. Nc5 Qc7 14. Bxd6 Qxd6 15. Nxd3 Nh6 16. Qd2 g5 17. c3 Nf7 18. Re2 Rce8 19. Rae1 Qd7 20. Nc5 Qc8 21. Re6 Rxe6 22. Rxe6 b5 23. Rxf6 Nfd8 24. Nd3 h6 25. Nfe5 1-0

[Event "Dortmund Sparkassen op-B"]
[Site "Dortmund"]
[Date "2008.06.30"]
[Round "1"]
[White "Knack, Willi"]
[Black "Ziperstein, Jakob"]
[Result "1/2-1/2"]
[WhiteElo "1500"]
[BlackElo "1782"]
[PlyCount "138"]
[EventDate "2008.06.30"]
[EventType "swiss"]
[EventRounds "9"]
[EventCountry "GER"]
[SourceTitle "EXT 2022"]
[Source "ChessBase"]
[SourceDate "2021.10.06"]
[SourceVersion "1"]
[SourceVersionDate "2021.10.06"]
[SourceQuality "1"]

1. e4 g6 2. d4 Bg7 3. Nf3 c5 4. c3 Qb6 5. Nbd2 cxd4 6. Nc4 Qc6 7. Bd3 dxc3 8. 0-0 cxb2 9. Bxb2 Bxb2 10. Nxb2 d6 11. Rc1 Qd7 12. Nd4 a6 13. Nc4 Qd8 14. Nb6 Qxb6 15. Rxc8+ Kd7 16. Rf8 Qa7 17. Qg4+ f5 18. exf5 Nh6 19. Qh3 Rxf8 20. fxg6+ Nf5 21. Bxf5+ Ke8 22. Ne6 hxg6 23. Bxg6+ Kd7 24. Nxf8+ Kc7 25. Rc1+ Nc6 26. Qd7+ Kb6 27. Ne6 Qb8 28. Be4 Qc8 29. Rb1+ Ka7 30. Bxc6 Qxc6 31. Qxe7 Re8 32. Qf7 Qe4 33. Rc1 Rxe6 34. h3 d5 35. Rc7 Rb6 36. Re7 Qb1+ 37. Kh2 d4 38. Rd7 Qe4 39. Qf3 Qe5+ 40. Qg3 Qc5 41. Rd8 Rc6 42. Qb8+ Kb6 43. Rd7 Ka5 44. Qd8+ Kb4 45. Rxd4+ Kc3 46. Rd3+ Kc4 47. Rd2 Qe5+ 48. g3 Qe4 49. Qg5 b5 50. Qg4 Qxg4 51. hxg4 b4 52. f4 a5 53. f5 a4 54. g5 b3 55. g6 Kc3 56. Rf2 Kd4 57. axb3 axb3 58. g7 Rc2 59. Rxc2 bxc2 60. g8Q c1Q 61. Qg4+ Ke5 62. Qf3 Qh6+ 63. Kg2 Qd2+ 64. Kh3 Qh6+ 65. Kg4 Qg7+ 66. Kh4 Qf6+ 67. Kh5 Qf7+ 68. Kh4 Qf6+ 69. Kh3 Qh6+ 1/2-1/2

[Event "Dortmund op-B"]
[Site "Dortmund"]
[Date "2007.06.30"]
[Round "8"]
[White "Knack, Willi"]
[Black "Quast, Marcel"]
[Result "1/2-1/2"]
[WhiteElo "1500"]
[BlackElo "1808"]
[PlyCount "51"]
[EventDate "2007.06.22"]
[EventType "swiss"]
[EventRounds "9"]
[EventCountry "GER"]
[SourceTitle "EXT 2008"]
[Source "ChessBase"]
[SourceDate "2007.11.25"]
[SourceVersion "1"]
[SourceVersionDate "2007.11.25"]
[SourceQuality "1"]

1. e4 e5 2. Nf3 d6 3. d4 exd4 4. Nxd4 Nf6 5. Nc3 Be7 6. Be2 0-0 7. Bf4 c6 8. a4 a5 9. 0-0 Re8 10. Bf3 Na6 11. Re1 Nb4 12. h3 d5 13. e5 Nd7 14. e6 Nf6 15. exf7+ Kxf7 16. g4 Bc5 17. Rxe8 Nxe8 18. Nce2 Bxd4 19. Nxd4 Qf6 20. Qd2 Nd6 21. Bxd6 Qxd6 22. c3 Na6 23. Re1 Bd7 24. Qg5 Qf6 25. Qxf6+ Kxf6 26. b3 1/2-1/2

[Event "Dortmund op-B"]
[Site "Dortmund"]
[Date "2007.06.24"]
[Round "3"]
[White "Schneider, Robert"]
[Black "Knack, Willi"]
[Result "1/2-1/2"]
[WhiteElo "1699"]
[BlackElo "1500"]
[PlyCount "71"]
[EventDate "2007.06.22"]
[EventType "swiss"]
[EventRounds "9"]
[EventCountry "GER"]
[SourceTitle "EXT 2008"]
[Source "ChessBase"]
[SourceDate "2007.11.25"]
[SourceVersion "1"]
[SourceVersionDate "2007.11.25"]
[SourceQuality "1"]

1. e4 e6 2. d4 d5 3. Bd3 Nf6 4. Bg5 Be7 5. e5 Nfd7 6. Bxe7 Qxe7 7. Nf3 c5 8. Qe2 c4 9. Bxc4 dxc4 10. Qxc4 Nc6 11. c3 Nb6 12. Qd3 Bd7 13. Nbd2 f5 14. 0-0 0-0 15. Rfe1 Be8 16. Nf1 Bh5 17. Ng3 Bxf3 18. Qxf3 Qh4 19. Ne2 f4 20. a4 Rf5 21. a5 Nc4 22. a6 Nd2 23. Qd3 Rh5 24. h3 f3 25. Qxd2 fxg2 26. Nf4 Rf8 27. Nxg2 Qxh3 28. f4 Qh2+ 29. Kf2 Rg5 30. Rg1 Qg3+ 31. Kf1 b6 32. Qf2 Qd3+ 33. Qe2 Qh3 34. Qf2 Qd3+ 35. Qe2 Qh3 36. Qf2 1/2-1/2